Basic electrical engineering (Record no. 7166)

000 -LEADER
fixed length control field 00658nam a2200217 4500
001 - CONTROL NUMBER
control field 7166
003 - CONTROL NUMBER IDENTIFIER
control field BD-DhUET
008 - FIXED-LENGTH DATA ELEMENTS--GENERAL INFORMATION
fixed length control field 740521s1975 nyua 001 0 eng
020 ## - INTERNATIONAL STANDARD BOOK NUMBER
International Standard Book Number 0070211523
040 ## - CATALOGING SOURCE
Original cataloging agency DLC
Transcribing agency DLC
Modifying agency BD-DhUET
082 00 - DEWEY DECIMAL CLASSIFICATION NUMBER
Classification number 623
Item number FIT/1975
100 1# - MAIN ENTRY--PERSONAL NAME
Personal name Fitzgerald, A. E.
245 10 - TITLE STATEMENT
Title Basic electrical engineering
Remainder of title circuits,electronics,machines,control
Statement of responsibility, etc. by A. E. Fitzgerald, David E. Higginbotham and Arvin Grabel
250 ## - EDITION STATEMENT
Edition statement 4th ed.
260 ## - PUBLICATION, DISTRIBUTION, ETC. (IMPRINT)
Place of publication, distribution, etc. New York
Name of publisher, distributor, etc. McGraw-Hill
Date of publication, distribution, etc. 1975
300 ## - PHYSICAL DESCRIPTION
Extent xiv, 817 p.
Other physical details illus.
Dimensions 24 cm.
650 #0 - SUBJECT ADDED ENTRY--TOPICAL TERM
Topical term or geographic name as entry element Electricity : Engineering
700 ## - ADDED ENTRY--PERSONAL NAME
Personal name Higginbotham, David E.
700 ## - ADDED ENTRY--PERSONAL NAME
Personal name Grabel, Arvin
942 ## - ADDED ENTRY ELEMENTS (KOHA)
Koha item type General Book
Holdings
Koha item type Location (home branch) Copy number Not for loan Lost status Sublocation or collection (holding branch) Price effective from Source of classification or shelving scheme Koha normalized classification for sorting Koha date last borrowed Date acquired Piece designation (barcode) Damaged status Withdrawn status Koha issues (times borrowed) Koha date last seen Koha full call number Shelving location
General BookCentral Library, BUET1  Central Library, BUET2014-12-07 623PIT19752018-07-212014-12-0765364  12018-08-04623/PIT/1975Circulation section
General BookCentral Library, BUET2  Central Library, BUET2015-03-12 623_000000000000000_PIT_1975 2015-03-1243309   2015-03-12623/PIT/1975Circulation section
General BookCentral Library, BUET3  Central Library, BUET2015-03-12 623_000000000000000_PIT_1975 2015-03-1243314   2015-03-12623/PIT/1975Circulation section
General BookCentral Library, BUET4  Central Library, BUET2015-03-12 623_000000000000000_PIT_1975 2015-03-1243676   2015-03-12623/PIT/1975Circulation section
General BookCentral Library, BUET5  Central Library, BUET2015-03-12 623_000000000000000_PIT_1975 2015-03-1242843   2015-03-12623/PIT/1975Circulation section
General BookCentral Library, BUET6  Central Library, BUET2015-04-16 623_000000000000000_FIT_1975 2015-04-1643308   2015-04-16623/FIT/1975Circulation section
General BookCentral Library, BUET7  Central Library, BUET2015-04-18 623_000000000000000_FIT_1975 2015-04-1843316   2015-04-18623/FIT/1975Circulation section
General BookCentral Library, BUET8  Central Library, BUET2015-04-21 623_000000000000000_FIT_1975 2015-04-2143310   2015-04-21623/FIT/1975Circulation section
General BookCentral Library, BUET9  Central Library, BUET2015-04-21 623_000000000000000_FIT_1975 2015-04-2143677   2015-04-21623/FIT/1975Circulation section
General BookCentral Library, BUET10  Central Library, BUET2015-04-21 623_000000000000000_FIT_1975 2015-04-2143313   2015-04-21623/FIT/1975Circulation section
General BookCentral Library, BUET11  Central Library, BUET2015-04-21 623_000000000000000_FIT_1975 2015-04-2143307   2015-04-21623/FIT/1975Circulation section
General BookCentral Library, BUET12  Central Library, BUET2015-04-21 623_000000000000000_FIT_1975 2015-04-2151101   2015-04-21623/FIT/1975Circulation section
Reading ItemCentral Library, BUET13  Central Library, BUET2015-06-28 623_000000000000000_FIT_1975 2015-06-2842841   2015-06-28623/FIT/1975Reading section
Reading ItemCentral Library, BUET14  Central Library, BUET2015-06-28 623_000000000000000_FIT_1975 2015-06-2842840   2015-06-28623/FIT/1975Reading section
Reading ItemCentral Library, BUET15  Central Library, BUET2015-06-28 623_000000000000000_FIT_1975 2015-06-2843679   2015-06-28623/FIT/1975Reading section